000
00330nam a2200133Ia 4500
008
150201s2009 xx 000 0 und d
082
_a
616
_b
M09A
100
_a
AVUNDUK,CANAN
245
_a
MANUAL OF GASTROENTEROLGY
250
_a
4TH
260
_b
WOLTERKULWER
_a
DELHI
_c
2009
650
_a
MEDICINE AND DIAGNOSIS
942
_2
ddc
_c
BK
_0
1
999
_c
664
_d
664